<?xml version="1.0" encoding="UTF-8"?>
<record
    xmlns:xsi="http://www.w3.org/2001/XMLSchema-instance"
    xsi:schemaLocation="http://www.loc.gov/MARC21/slim http://www.loc.gov/standards/marcxml/schema/MARC21slim.xsd"
    xmlns="http://www.loc.gov/MARC21/slim">

  <leader>01888nam a22002057a 4500</leader>
  <controlfield tag="005">20251222131027.0</controlfield>
  <controlfield tag="008">      s2541    th                  tha d</controlfield>
  <datafield tag="040" ind1=" " ind2=" ">
    <subfield code="a">NALT</subfield>
  </datafield>
  <datafield tag="041" ind1=" " ind2=" ">
    <subfield code="a">tha</subfield>
  </datafield>
  <datafield tag="090" ind1=" " ind2=" ">
    <subfield code="a">KD 261 </subfield>
    <subfield code="b">&#xE2A;226&#xE02; 2541</subfield>
  </datafield>
  <datafield tag="110" ind1="2" ind2=" ">
    <subfield code="a">&#xE2A;&#xE33;&#xE19;&#xE31;&#xE01;&#xE07;&#xE32;&#xE19;&#xE40;&#xE25;&#xE02;&#xE32;&#xE18;&#xE34;&#xE01;&#xE32;&#xE23;&#xE2A;&#xE20;&#xE32;&#xE1C;&#xE39;&#xE49;&#xE41;&#xE17;&#xE19;&#xE23;&#xE32;&#xE29;&#xE0E;&#xE23;. </subfield>
    <subfield code="b">&#xE01;&#xE2D;&#xE07;&#xE01;&#xE32;&#xE23;&#xE1B;&#xE23;&#xE30;&#xE0A;&#xE32;&#xE2A;&#xE31;&#xE21;&#xE1E;&#xE31;&#xE19;&#xE18;&#xE4C;</subfield>
    <subfield code="9">9534</subfield>
  </datafield>
  <datafield tag="245" ind1="1" ind2="0">
    <subfield code="a">&#xE02;&#xE49;&#xE2D;&#xE1A;&#xE31;&#xE07;&#xE04;&#xE31;&#xE1A;&#xE01;&#xE32;&#xE23;&#xE1B;&#xE23;&#xE30;&#xE0A;&#xE38;&#xE21;&#xE2A;&#xE20;&#xE32;&#xE1C;&#xE39;&#xE49;&#xE41;&#xE17;&#xE19;&#xE23;&#xE32;&#xE29;&#xE0E;&#xE23; &#xE1E;.&#xE28;. 2540 &#xE02;&#xE49;&#xE2D;&#xE1A;&#xE31;&#xE07;&#xE04;&#xE31;&#xE1A;&#xE01;&#xE32;&#xE23;&#xE1B;&#xE23;&#xE30;&#xE0A;&#xE38;&#xE21;&#xE2A;&#xE20;&#xE32;&#xE1C;&#xE39;&#xE49;&#xE41;&#xE17;&#xE19;&#xE23;&#xE32;&#xE29;&#xE0E;&#xE23; &#xE41;&#xE01;&#xE49;&#xE44;&#xE02;&#xE40;&#xE1E;&#xE34;&#xE48;&#xE21;&#xE40;&#xE15;&#xE34;&#xE21; (&#xE09;&#xE1A;&#xE31;&#xE1A;&#xE17;&#xE35;&#xE48; 1) &#xE1E;.&#xE28;. 2541 &#xE02;&#xE49;&#xE2D;&#xE1A;&#xE31;&#xE07;&#xE04;&#xE31;&#xE1A;&#xE01;&#xE32;&#xE23;&#xE1B;&#xE23;&#xE30;&#xE0A;&#xE38;&#xE21;&#xE27;&#xE38;&#xE12;&#xE34;&#xE2A;&#xE20;&#xE32; &#xE1E;.&#xE28;. 2541 &#xE02;&#xE49;&#xE2D;&#xE1A;&#xE31;&#xE07;&#xE04;&#xE31;&#xE1A;&#xE01;&#xE32;&#xE23;&#xE1B;&#xE23;&#xE30;&#xE0A;&#xE38;&#xE21;&#xE02;&#xE2D;&#xE07;&#xE23;&#xE31;&#xE10;&#xE2A;&#xE20;&#xE32; &#xE1E;.&#xE28;. 2539 &#xE02;&#xE49;&#xE2D;&#xE1A;&#xE31;&#xE07;&#xE04;&#xE31;&#xE1A;&#xE01;&#xE32;&#xE23;&#xE1B;&#xE23;&#xE30;&#xE0A;&#xE38;&#xE21;&#xE02;&#xE2D;&#xE07;&#xE23;&#xE31;&#xE10;&#xE2A;&#xE20;&#xE32; &#xE41;&#xE01;&#xE49;&#xE44;&#xE02;&#xE40;&#xE1E;&#xE34;&#xE48;&#xE21;&#xE40;&#xE15;&#xE34;&#xE21; (&#xE09;&#xE1A;&#xE31;&#xE1A;&#xE17;&#xE35;&#xE48; 1) &#xE1E;.&#xE28;. 2540 /</subfield>
    <subfield code="c"> &#xE01;&#xE2D;&#xE07;&#xE01;&#xE32;&#xE23;&#xE1B;&#xE23;&#xE30;&#xE0A;&#xE32;&#xE2A;&#xE31;&#xE21;&#xE1E;&#xE31;&#xE19;&#xE18;&#xE4C;. &#xE2A;&#xE33;&#xE19;&#xE31;&#xE01;&#xE07;&#xE32;&#xE19;&#xE40;&#xE25;&#xE02;&#xE32;&#xE18;&#xE34;&#xE01;&#xE32;&#xE23;&#xE2A;&#xE20;&#xE32;&#xE1C;&#xE39;&#xE49;&#xE41;&#xE17;&#xE19;&#xE23;&#xE32;&#xE29;&#xE0E;&#xE23;. </subfield>
  </datafield>
  <datafield tag="260" ind1="3" ind2=" ">
    <subfield code="a">&#xE01;&#xE23;&#xE38;&#xE07;&#xE40;&#xE17;&#xE1E;&#xE2F; : </subfield>
    <subfield code="b">&#xE01;&#xE2D;&#xE07;&#xE01;&#xE32;&#xE23;&#xE1E;&#xE34;&#xE21;&#xE1E;&#xE4C; &#xE2A;&#xE33;&#xE19;&#xE31;&#xE01;&#xE07;&#xE32;&#xE19;&#xE40;&#xE25;&#xE02;&#xE32;&#xE18;&#xE34;&#xE01;&#xE32;&#xE23;&#xE2A;&#xE20;&#xE32;&#xE1C;&#xE39;&#xE49;&#xE41;&#xE17;&#xE19;&#xE23;&#xE32;&#xE29;&#xE0E;&#xE23;, </subfield>
    <subfield code="c">2541</subfield>
  </datafield>
  <datafield tag="650" ind1=" " ind2="4">
    <subfield code="a">&#xE01;&#xE32;&#xE23;&#xE1B;&#xE23;&#xE30;&#xE0A;&#xE38;&#xE21;&#xE23;&#xE31;&#xE10;&#xE2A;&#xE20;&#xE32;</subfield>
    <subfield code="9">10750</subfield>
    <subfield code="x">&#xE01;&#xE0E;&#xE2B;&#xE21;&#xE32;&#xE22;&#xE41;&#xE25;&#xE30;&#xE23;&#xE30;&#xE40;&#xE1A;&#xE35;&#xE22;&#xE1A;&#xE02;&#xE49;&#xE2D;&#xE1A;&#xE31;&#xE07;&#xE04;&#xE31;&#xE1A;</subfield>
  </datafield>
  <datafield tag="650" ind1=" " ind2="4">
    <subfield code="a">&#xE27;&#xE38;&#xE12;&#xE34;&#xE2A;&#xE20;&#xE32;</subfield>
    <subfield code="9">4356</subfield>
    <subfield code="x">&#xE02;&#xE49;&#xE2D;&#xE1A;&#xE31;&#xE07;&#xE04;&#xE31;&#xE1A;&#xE01;&#xE32;&#xE23;&#xE1B;&#xE23;&#xE30;&#xE0A;&#xE38;&#xE21; </subfield>
  </datafield>
  <datafield tag="650" ind1=" " ind2="4">
    <subfield code="a">&#xE2A;&#xE20;&#xE32;&#xE1C;&#xE39;&#xE49;&#xE41;&#xE17;&#xE19;&#xE23;&#xE32;&#xE29;&#xE0E;&#xE23;</subfield>
    <subfield code="9">50076</subfield>
    <subfield code="x">&#xE02;&#xE49;&#xE2D;&#xE1A;&#xE31;&#xE07;&#xE04;&#xE31;&#xE1A;&#xE01;&#xE32;&#xE23;&#xE1B;&#xE23;&#xE30;&#xE0A;&#xE38;&#xE21;</subfield>
  </datafield>
  <datafield tag="850" ind1=" " ind2=" ">
    <subfield code="a">NALT</subfield>
  </datafield>
  <datafield tag="942" ind1=" " ind2=" ">
    <subfield code="c">LB</subfield>
    <subfield code="2">local</subfield>
    <subfield code="0">1</subfield>
  </datafield>
  <datafield tag="999" ind1=" " ind2=" ">
    <subfield code="c">57347</subfield>
    <subfield code="d">57347</subfield>
  </datafield>
  <datafield tag="998" ind1=" " ind2=" ">
    <subfield code="j">111</subfield>
    <subfield code="k"> &#xE19;&#xE32;&#xE07;&#xE2A;&#xE32;&#xE27;&#xE1E;&#xE08;&#xE1E;&#xE34;&#xE13;  &#xE1E;&#xE23;&#xE21;&#xE40;&#xE2D;&#xE35;&#xE48;&#xE22;&#xE21;</subfield>
  </datafield>
  <datafield tag="952" ind1=" " ind2=" ">
    <subfield code="0">0</subfield>
    <subfield code="1">0</subfield>
    <subfield code="4">0</subfield>
    <subfield code="7">0</subfield>
    <subfield code="8">CLAW</subfield>
    <subfield code="a">NALT</subfield>
    <subfield code="b">NALT</subfield>
    <subfield code="e">&#xE1A;&#xE23;&#xE34;&#xE08;&#xE32;&#xE04;</subfield>
    <subfield code="l">1</subfield>
    <subfield code="o">KD 261 &#xE2A;226&#xE02; 2541</subfield>
    <subfield code="p">3961126108</subfield>
    <subfield code="r">2025-12-29 00:00:00</subfield>
    <subfield code="s">2025-12-22</subfield>
    <subfield code="w">2017-06-09</subfield>
    <subfield code="y">LB</subfield>
  </datafield>
</record>
